All twenty one pilots Songs - Statistics

General Stats
  • This quiz has been taken 122 times
    109 since last reset
  • The average score is 47 of 82
Answer Stats
Album Song % Correct
Blurryface Stressed Out
95%
Blurryface Ride
92%
Regional at Best Holding on to You
78%
Blurryface Lane Boy
78%
Trench Chlorine
73%
Blurryface Heathens
73%
Blurryface Heavydirtysoul
73%
Blurryface Tear in My Heart
73%
Trench Jumpsuit
72%
Regional at Best Car Radio
71%
Vessel House of Gold
70%
Johnny Boy Johnny Boy
70%
Trench Nico and the Niners
68%
Three Songs Migraine
67%
Blurryface The Judge
67%
Blurryface We Don't Believe What's on TV
67%
Regional at Best Trees
66%
Rock Sound Presents: The Black Parade Cancer
65%
Blurryface Doubt
65%
Blurryface Fairly Local
65%
Regional at Best Guns for Hands
65%
Blurryface Hometown
65%
Blurryface Message Man
65%
Blurryface Polarize
65%
Blurryface Goner
63%
Scaled and Icy Shy Away
63%
Regional at Best Ode to Sleep
62%
Vessel Truce
62%
Regional at Best Kitchen Sink
61%
Single Level of Concern
61%
Trench My Blood
61%
Trench Pet Cheetah
61%
Scaled and Icy Saturday
61%
Vessel Screen
59%
Trench The Hype
58%
Twenty One Pilots The Pantaloon
58%
Twenty One Pilots A Car, a Torch, a Death
57%
Scaled and Icy Choker
57%
Twenty One Pilots Fall Away
57%
Trench Neon Gravestones
57%
Blurryface Not Today
57%
Johnny Boy Taxi Cab
57%
Trench Levitate
56%
Scaled and Icy Redecorate
56%
Johnny Boy Addict with a Pen
54%
Scaled and Icy Bounce Man
54%
Twenty One Pilots Isle of Flightless Birds
54%
Twenty One Pilots Oh, Ms. Believer
54%
Regional at Best Ruby
54%
Trench Smithereens
54%
Scaled and Icy The Outside
54%
Scaled and Icy Formidable
53%
Twenty One Pilots Implicit Demand for Proof
53%
Trench Leave the City
53%
Trench Cut My Lip
52%
Scaled and Icy Mulberry Street
52%
Vessel Semi-Automatic
52%
Trench Bandito
51%
Regional at Best Forest
51%
Trench Legend
51%
Twenty One Pilots March to the Sea
51%
Trench Morph
51%
Vessel Fake You Out
48%
Johnny Boy Friend, Please
48%
Regional at Best Glowing Eyes
48%
Twenty One Pilots Before You Start Your Day
47%
Scaled and Icy No Chances
47%
Vessel The Run and Go
47%
Twenty One Pilots Trapdoor
47%
Scaled and Icy Good Day
46%
Scaled and Icy Never Take It
46%
Single #2 Christmas Saves the Year
44%
Johnny Boy Air Catcher
43%
Twenty One Pilots Air Catcher
43%
Regional at Best Anathema
43%
Regional at Best Lovely
43%
Regional at Best Slowtown
42%
Regional at Best Be Concerned
38%
Regional at Best Clear
38%
Holding on to You Can't Help Falling in Love
35%
Johnny Boy Time to Say Goodbye
20%
Double Sided A Few Older Ones
11%
No matching quizzes found
Score Distribution
Percent of People with Each Score
Percentile by Number Answered
Your Score History
You have not taken this quiz since the last reset